<?xml version="1.0" encoding="UTF-8"?>
<record
    xmlns:xsi="http://www.w3.org/2001/XMLSchema-instance"
    xsi:schemaLocation="http://www.loc.gov/MARC21/slim http://www.loc.gov/standards/marcxml/schema/MARC21slim.xsd"
    xmlns="http://www.loc.gov/MARC21/slim">

  <leader>01224nam a2200313Ia 4500</leader>
  <controlfield tag="001">Z_6986</controlfield>
  <controlfield tag="003">CHAP</controlfield>
  <controlfield tag="008">220113s2017    xx            000 0 und d</controlfield>
  <datafield tag="010" ind1=" " ind2=" ">
    <subfield code="a">170244</subfield>
  </datafield>
  <datafield tag="040" ind1=" " ind2=" ">
    <subfield code="c">CHAP</subfield>
  </datafield>
  <datafield tag="082" ind1=" " ind2=" ">
    <subfield code="a">C 630.972 M49 2017</subfield>
  </datafield>
  <datafield tag="110" ind1=" " ind2=" ">
    <subfield code="a">M&#xE9;xico. </subfield>
    <subfield code="b">Servicio de Informaci&#xF3;n Agroalimentaria y Pesquera</subfield>
    <subfield code="9">146339</subfield>
  </datafield>
  <datafield tag="240" ind1=" " ind2=" ">
    <subfield code="a">Atlas agroalimentario 2017</subfield>
  </datafield>
  <datafield tag="245" ind1=" " ind2=" ">
    <subfield code="a">Atlas agroalimentario M&#xE9;xico 2017  /</subfield>
    <subfield code="c"> Servicio de Informaci&#xF3;n Agroalimentaria y Pesquera</subfield>
  </datafield>
  <datafield tag="246" ind1=" " ind2=" ">
    <subfield code="a">Atlas agroalimentario 2017 : M&#xE9;xico siembra &#xE9;xito</subfield>
  </datafield>
  <datafield tag="260" ind1=" " ind2=" ">
    <subfield code="a">M&#xE9;xico  :</subfield>
    <subfield code="b">SAGARPA  :,</subfield>
    <subfield code="b">SIAP,</subfield>
    <subfield code="c">2017</subfield>
  </datafield>
  <datafield tag="300" ind1=" " ind2=" ">
    <subfield code="a">231 p.</subfield>
  </datafield>
  <datafield tag="500" ind1=" " ind2=" ">
    <subfield code="a">T&#xED;tulo de la cubierta: Atlas agroalimentario 2017 : M&#xE9;xico siembra &#xE9;xito</subfield>
  </datafield>
  <datafield tag="503" ind1=" " ind2=" ">
    <subfield code="a">ej.1: donaci&#xF3;n (SIAP) \ ej.2: donaci&#xF3;n (SIAP)</subfield>
  </datafield>
  <datafield tag="650" ind1=" " ind2=" ">
    <subfield code="a">Abastecimiento de alimentos </subfield>
    <subfield code="x"></subfield>
    <subfield code="x"> M&#xE9;xico </subfield>
    <subfield code="x"></subfield>
    <subfield code="x"> Atlas</subfield>
    <subfield code="9">146340</subfield>
  </datafield>
  <datafield tag="650" ind1=" " ind2=" ">
    <subfield code="a">Agricultura </subfield>
    <subfield code="x"></subfield>
    <subfield code="x"> M&#xE9;xico </subfield>
    <subfield code="x"></subfield>
    <subfield code="x"> Atlas</subfield>
    <subfield code="9">146341</subfield>
  </datafield>
  <datafield tag="710" ind1=" " ind2=" ">
    <subfield code="a">Servicio de Informaci&#xF3;n Agroalimentaria y Pesquera (SIAP). (M&#xE9;xico) \ Secretar&#xED;a de Agricultura, Ganader&#xED;a, Desarrollo Rural, Pesca y Alimentaci&#xF3;n (SAGARPA). (M&#xE9;xico)</subfield>
    <subfield code="9">145598</subfield>
  </datafield>
  <datafield tag="901" ind1=" " ind2=" ">
    <subfield code="a">C 630.972 M49 2017</subfield>
  </datafield>
  <datafield tag="902" ind1=" " ind2=" ">
    <subfield code="a">M</subfield>
  </datafield>
  <datafield tag="910" ind1=" " ind2=" ">
    <subfield code="a">2017</subfield>
  </datafield>
  <datafield tag="942" ind1=" " ind2=" ">
    <subfield code="c">1</subfield>
  </datafield>
  <datafield tag="942" ind1=" " ind2=" ">
    <subfield code="c">c1</subfield>
  </datafield>
  <datafield tag="999" ind1=" " ind2=" ">
    <subfield code="c">170244</subfield>
    <subfield code="d">170244</subfield>
  </datafield>
  <datafield tag="952" ind1=" " ind2=" ">
    <subfield code="0">0</subfield>
    <subfield code="1">0</subfield>
    <subfield code="2">ddc</subfield>
    <subfield code="4">0</subfield>
    <subfield code="5">1</subfield>
    <subfield code="7">0</subfield>
    <subfield code="8">C</subfield>
    <subfield code="a">Z</subfield>
    <subfield code="b">Z</subfield>
    <subfield code="d">2018-08-29</subfield>
    <subfield code="e">Donaci&#xF3;n</subfield>
    <subfield code="o">C 630.972 M49 2017</subfield>
    <subfield code="p">z_7208</subfield>
    <subfield code="r">2022-01-18 00:00:00</subfield>
    <subfield code="t">1</subfield>
    <subfield code="w">2022-01-18</subfield>
    <subfield code="y">LIBRO</subfield>
  </datafield>
  <datafield tag="952" ind1=" " ind2=" ">
    <subfield code="0">0</subfield>
    <subfield code="1">0</subfield>
    <subfield code="2">ddc</subfield>
    <subfield code="4">0</subfield>
    <subfield code="5">1</subfield>
    <subfield code="7">0</subfield>
    <subfield code="8">C</subfield>
    <subfield code="a">Z</subfield>
    <subfield code="b">Z</subfield>
    <subfield code="d">2018-08-29</subfield>
    <subfield code="e">Donaci&#xF3;n</subfield>
    <subfield code="o">C 630.972 M49 2017</subfield>
    <subfield code="p">z_7209</subfield>
    <subfield code="r">2022-01-18 00:00:00</subfield>
    <subfield code="t">2</subfield>
    <subfield code="w">2022-01-18</subfield>
    <subfield code="y">LIBRO</subfield>
  </datafield>
</record>
